000 02034nam a22002657a 4500
001 6113
003 FISKH
005 20250508165900.0
008 250314b cb ||||| |||| 00| 0 eng d
040 _aFISKH
_bKhmer
_cFISKH
_dFISKH
050 _aPZ7
082 _a800
100 _aSomoni, Ly
245 _aកំនាព្យខ្មែរ /
_cដោយ​ លី សុមុនី
250 _aបោះពុម្ពផ្សាយឡើងវិញតាមច្បាប់ដើម ដោយគ្រឹះស្ថានបោះពុម្ព និងចែកផ្សាយនៃក្រសួងអប់រំ យុវជន និងកីឡា
260 _aភ្នំពេញ :
_bក្រសួងអប់រំ យុវជន និងកីឡា​ ,
_c២០០៩​ .
300 _a189 pages :
_billustrations ;
_c25 cm .
520 _aសៀវភៅនេះមានគោលបំណងផ្តល់ការយល់ដឹងអំពីកំណាព្យខ្មែរនៅក្នុងបរិបទប្រវត្តិសាស្ត្រ និងវប្បធម៌ខ្មែរ។ វាជាឧបករណ៍សម្រាប់អ្នកស្រាវជ្រាវ និងអ្នកចាប់អារម្មណ៍លើវប្បធម៌ខ្មែរដែលចង់ស្វែងយល់ពីប្រវត្តិ និងអត្ថន័យរបស់កំណាព្យក្នុងសង្គមខ្មែរ។
520 _aThis book aims to provide an understanding of Khmer poetry within the context of Cambodian history and culture. It serves as a resource for researchers and those interested in Khmer culture who wish to explore the history and meaning of poetry in Khmer society.
650 _aKhmer Poetry
650 _aកំនាព្យខ្មែរ
700 _aMuykheang, So
_eគណះកម្មការអក្សរសាស្ត្រ
942 _2ddc
_cKHB
_n0
999 _c6113
_d6113